Hogan Cup - Statistics

General Stats
  • This quiz has been taken 5 times
  • The average score is 5 of 30
Answer Stats
N Wins Runners-Up Answer % Correct
20 1 0 Omagh CBS
75%
2 8 2 St Colman's
50%
20 1 0 St Columb's
50%
20 1 0 Abbey CBS
25%
20 1 0 Ardscoil Rís
25%
20 1 0 Knockbeg College
25%
4 4 5 St Brendan's
25%
1 12 14 St Jarlath's College
25%
9 2 1 St Patrick's Academy
25%
14 1 1 St Patrick's, Cavan
25%
3 5 6 St Patrick's College
25%
11 1 2 St Patrick's Grammar School
25%
8 3 2 St Patrick's, Navan
25%
20 1 0 St Ronan's
25%
7 3 2 Carmelite College
0%
6 4 1 Coláiste Chríost Rí
0%
20 1 0 Coláiste Na Sceilge
0%
11 1 2 Franciscan College
0%
14 1 1 Good Counsel
0%
20 1 0 Intermediate School
0%
14 1 1 Naas CBS
0%
10 2 0 Pobalscoil Chorca Dhuibhne
0%
14 1 1 St Colman's College
0%
14 1 1 St Fachtna's
0%
20 1 0 St Joseph's
0%
20 1 0 St Mary's CBS
0%
14 1 1 St Mary's Secondary School
0%
5 4 2 St Mel's College
0%
11 1 2 St Michael's College
0%
14 1 1 St Nathy's
0%
No matching quizzes found
Score Distribution
Percent of People with Each Score
Percentile by Number Answered
Your Score History
You have not taken this quiz